| 000 | 01167nam a22003017a 4500 | ||
|---|---|---|---|
| 999 |
_c63553 _d63553 |
||
| 005 | 20240530110647.0 | ||
| 008 | 171119s2014 jo a g b 000 0 ara d | ||
| 017 |
_a2014/7/3235 _bالمملكة الاردنية الهاشمية . دائرة المكتبة الوطنية |
||
| 020 | _a9789957176631 | ||
| 040 |
_aEG-CaGPL _cEG-CaGPL |
||
| 082 | 0 | 4 |
_221 _a150\ _bم ع |
| 100 | 0 | _aمحمد عثمان نجاتى . | |
| 245 | 1 | 0 |
_aعلم النفس و الحياة : _bمدخل الى علم النفس و تطبيقاته فى الحياة / _cمحمد عثمان نجاتى . |
| 250 | _aط.1 | ||
| 260 |
_aعمان : _bمكتبة الفلاح للنشر و التوزيع ، _c2014 . |
||
| 300 |
_a512 ص. ؛ _c24 سم. |
||
| 504 | _aببليوجرافية : ص 509 - 512 | ||
| 650 | 0 | 7 |
_2qrmak _aعلم النفس |
| 650 | 0 | 7 |
_2qrmak _aالاضطرابات السلوكية |
| 650 | 0 | 7 |
_2qrmak _aالذكاء |
| 650 | 0 | 7 |
_2qrmak _aالتفكير |
| 650 | 0 | 7 |
_2qrmak _aالادراك |
| 650 | 0 | 7 |
_2qrmak _aالانتباه |
| 650 | 0 | 7 |
_2qrmak _aالشخصية |
| 651 | _2qrmak | ||
| 942 |
_2ddc _cBK |
||